EL HOMBRE Y LA HISTORIA/

Gespeichert in:
Bibliographische Detailangaben
1. Verfasser: Radaelli, Sigfrido (autor)
Format: Buch
Schriftenreihe:ENSAYOS
Schlagworte:
Tags: Tag hinzufügen
Keine Tags, Fügen Sie das erste Tag hinzu!

MARC

LEADER 00000nam^a2200000^a^4500
001 000228021
005 20250521000000.0
009 20260310104306.134
035 |a 048219 
037 |a Acervo Xavier Clavigero 
082 |a 901.  |b RAD 
100 |a Radaelli, Sigfrido  |e (autor) 
245 1 3 |a EL HOMBRE Y LA HISTORIA/  |c SIGFRIDO RADAELLI 
264 |a BUENOS AIRES :  |b SUDAMERICANA,  |c 1964 
300 |a 115p. 
336 |a texto  |b txt  |2 rdacontenido 
337 |a sin mediación  |b n  |2 rdamedio 
338 |a volumen  |b nc  |2 rdasoporte 
440 |a ENSAYOS 
649 |a XX 
650 |a Historia 
910 |a Fondo General 
920 |a Impresos - Libros 
930 |a Colección General 
905 |a 101 
901 |a 048219  |b IT1  |c ACC  |i 048219  |u 20250521 
902 |a https://opac.biblio.iteso.mx/vufind/Record/000228021